01900nam a22001697a 4500008004100000020001900041050002100060100004100081245008400122260012600206300001800332504003500350505122600385650004501611650004501656650002901701140701b1999 mx ||||| |||| 00| 0 spa d a968-856-728-0  aLA422 bR53 1999 aRibeiro Riani, Lidio Néstoreautor aAxiología educativab : Una vision Nacional c/ Lidio Néstor, Ribeiro Riani aMéxicob: Plaza y Valdes : Centro Interdisciplinario de investigación y Docencia en Educación Tecnológicac, 1999 a152 páginas aBibliografía (pp. 149 - 152) aLas causas de una ausencia Ideología y valores Las utopías del encargo Análisis de los supuestos previos Seguirán las naciones Permanencia de las ideologías Las conquistas del liberalismo político no serán avasalladas por el liberalismo económico El destino de los partidos políticos Prioridad de los valores Globalización y valores El conocimiento, la cultura y los valores Necesidades, tecnología y valores educativos Los encantos del poder caído y la globalización del valor Segunda parte: Análisis del documento Conalep, varios 1997 Conalep, varios 1998 Sindicato Nacional de Trabajadores de la Educación (SNTE). Segundo Congreso Nacional de Educación Alducin Abitia, Enrique, 1989. Los valores de los mexicanos. México entre la tradición y la modernidad Alducin Abitia , Enrique Tomo II México en tiempos de cambio El reduccionismo axiológico, un factor de desprestigio y empobrecimiento ¿Qué valores proponemos para una política educativa? Algunos valores de la personalidad a tomar en cuenta en nuestro proceso educativo Emotividad, razón y valores El destino del hombre como un proyecto axiológico renovado  2EDUCACIÓNxNETAS Y OBJETIVOSzMÉXICO aSOCIOLOGÍA DE LA EDUCACIÓNzMÉXICO aEDUCACIÓNxFILOSOFÍA